10 to 1: British Television Quiz Stats

 Plays Quiz not verified by Sporcle

Score 0/55 Timer 06:00
7 Plays Today
% Correct
David Tennant
94.8%
Teletubbies
89.6%
Sherlock Holmes
89.6%
Christopher Eccleston
89.2%
Have I Got News For You
89%
Postman Pat
88.8%
Peter Capaldi
88.5%
Never Mind The Buzzcocks
88.3%
Coronation Street
88.1%
8 Out Of 10 Cats
88%
Matt Smith
88%
Eastenders
87.8%
Would I Lie To You
87.4%
Mock The Week
87.3%
John Cleese
86.9%
Fireman Sam
86.4%
Thunderbirds
85.9%
Colin Baker
84.2%
Tom Baker
83.7%
Eric Idle
82.9%
Jeremy Clarkson
82.8%
Through the Keyhole
82.6%
Bagpuss
82.3%
Rainbow
81.8%
Michael Palin
80.9%
Terry Gilliam
80.6%
Blue Peter
79.7%
Hollyoaks
79.7%
% Correct
Emmerdale
79.4%
Jon Pertwee
79.1%
Peter Davison
78.6%
Richard Hammond
78.3%
Endeavour Morse
78.2%
James May
78.2%
Stephen Fry
78%
Room 101
77.7%
Terry Jones
77.2%
Bill Turnbull
75.5%
Graham Chapman
74.2%
Alastair Burnet
74.1%
Clangers
73.2%
Patrick Troughton
71.9%
William Hartnell
71.7%
Jack Frost
71.1%
Trevor McDonald
69.7%
Jon Snow
68.4%
Grange Hill
68.1%
Cathy Newman
68%
Jill Dando
66.9%
Panorama
66.4%
Sandi Toksvig
65.4%
Andy Dalziel
62.7%
Jane Tennison
59.3%
Richard Baker
59.1%
Robin Day
56.2%

You're not logged in!

Compare scores with friends on all Sporcle quizzes.
OR
Log In

You Might Also Like...

Show Comments

Extras

Top Quizzes Today


Score Distribution

Your Account Isn't Verified!

In order to create a playlist on Sporcle, you need to verify the email address you used during registration. Go to your Sporcle Settings to finish the process.

Report this User

Report this user for behavior that violates our Community Guidelines.

Details: